Normal view MARC view
  • Howell, Evelyn Berkeley,

Entry Personal Name

Number of records used in: 3

001 - CONTROL NUMBER

  • control field: 5408

003 - CONTROL NUMBER IDENTIFIER

  • control field: NUST

005 - DATE AND TIME OF LATEST TRANSACTION

  • control field: 20171012150344.0

008 - FIXED-LENGTH DATA ELEMENTS

  • fixed length control field: 171012|| aca||aabn | a|a d

040 ## - CATALOGING SOURCE

  • Original cataloging agency: NUST
  • Transcribing agency: NUST

100 ## - HEADING--PERSONAL NAME

  • Personal name: Howell, Evelyn Berkeley,
  • Titles and other words associated with a name: Sir,
  • Dates associated with a name: 1877-

670 ## - SOURCE DATA FOUND

  • Source citation: Work cat.: (NUST)0: Ewart, J. M. 5407, Story of the North West Frontier Province, 1930.
© 2023 Central Library, National University of Sciences and Technology. All Rights Reserved.